Исследование условий получения нанопорошка CeGdO с помощью излучения эксимерного лазера; Известия Томского политехнического университета [Известия ТПУ]; Т. 312, № 2 : Математика и механика. Физика
| Parent link: | Известия Томского политехнического университета [Известия ТПУ]/ Томский политехнический университет (ТПУ).— , 2000- Т. 312, № 2 : Математика и механика. Физика.— 2008.— [С. 140-142] |
|---|---|
| Other Authors: | , , , , |
| Summary: | Заглавие с титульного листа Электронная версия печатной публикации Исследуется эффективность получения нанопорошка CeGdO при воздействии излучением XeCl лазера на твердотельный образец CeO2/Gd2O3. Показывается, что при увеличении плотности энергии накачки выше оптимальной эффективность образования нанопорошка снижается за счет повышения экранирующих свойств лазерной плазмы. Определен оптимальный диапазон плотностей энергии излучения для взаимодействия с поверхностью образца, который составил 40...90 Дж/см2. |
| Language: | Russian |
| Published: |
2008
|
| Series: | Математика и механика. Физика |
| Subjects: | |
| Online Access: | http://www.lib.tpu.ru/fulltext/v/Bulletin_TPU/2008/v312/i2/32.pdf |
| Format: | MixedMaterials Electronic Book Chapter |
| KOHA link: | https://koha.lib.tpu.ru/cgi-bin/koha/opac-detail.pl?biblionumber=172951 |
MARC
| LEADER | 00000nla2a2200000 4500 | ||
|---|---|---|---|
| 001 | 172951 | ||
| 005 | 20231031164405.0 | ||
| 035 | |a (RuTPU)RU\TPU\book\187607 | ||
| 035 | |a RU\TPU\book\187606 | ||
| 090 | |a 172951 | ||
| 100 | |a 20091216d2008 k y0rusy50 ca | ||
| 101 | 0 | |a rus | |
| 102 | |a RU | ||
| 135 | |a drnn ---uucaa | ||
| 181 | 0 | |a i | |
| 182 | 0 | |a b | |
| 200 | 1 | |a Исследование условий получения нанопорошка CeGdO с помощью излучения эксимерного лазера |b Электронный ресурс |f В. В. Дударев [и др.] | |
| 203 | |a Текст |c электронный | ||
| 215 | |a 1 файл (405 Кб) | ||
| 225 | 1 | |a Математика и механика. Физика | |
| 230 | |a Электронные текстовые данные (1 файл : 405 Кб) | ||
| 300 | |a Заглавие с титульного листа | ||
| 300 | |a Электронная версия печатной публикации | ||
| 320 | |a [Библиогр.: с. 142 (5 назв.)] | ||
| 330 | |a Исследуется эффективность получения нанопорошка CeGdO при воздействии излучением XeCl лазера на твердотельный образец CeO2/Gd2O3. Показывается, что при увеличении плотности энергии накачки выше оптимальной эффективность образования нанопорошка снижается за счет повышения экранирующих свойств лазерной плазмы. Определен оптимальный диапазон плотностей энергии излучения для взаимодействия с поверхностью образца, который составил 40...90 Дж/см2. | ||
| 337 | |a Adobe Reader | ||
| 461 | 1 | |0 (RuTPU)RU\TPU\book\176237 |t Известия Томского политехнического университета [Известия ТПУ] |f Томский политехнический университет (ТПУ) |d 2000- | |
| 463 | 1 | |0 (RuTPU)RU\TPU\book\187531 |t Т. 312, № 2 : Математика и механика. Физика |v [С. 140-142] |d 2008 |p 162 с. | |
| 610 | 1 | |a нанопорошки | |
| 610 | 1 | |a эксимерные лазеры | |
| 610 | 1 | |a излучение | |
| 610 | 1 | |a твердотельные образцы | |
| 610 | 1 | |a энергия | |
| 610 | 1 | |a плотность | |
| 610 | 1 | |a накачка | |
| 610 | 1 | |a экранирующие свойства | |
| 610 | 1 | |a лазерная плазма | |
| 610 | 1 | |a электронный ресурс | |
| 701 | 1 | |a Дударев |b В. В. | |
| 701 | 1 | |a Котов |b Ю. А. | |
| 701 | 1 | |a Лосев |b В. Ф. |c специалист в области автоматики и электроники |c профессор Томского политехнического университета, доктор физико-математических наук |f 1950- |g Валерий Федорович |2 stltpush |3 (RuTPU)RU\TPU\pers\29388 | |
| 701 | 1 | |a Панченко |b Ю. Н. | |
| 701 | 1 | |a Саматов |b О. М. | |
| 801 | 1 | |a RU |b 63413507 |c 20090623 |g PSBO | |
| 801 | 2 | |a RU |b 63413507 |c 20211118 |g PSBO | |
| 856 | 4 | |u http://www.lib.tpu.ru/fulltext/v/Bulletin_TPU/2008/v312/i2/32.pdf | |
| 942 | |c CF | ||